00444 2200169 4500245005400000020002200054250001100076100002700087700001600114650001600130005001900146260005300165041001400218084001000232300002300242336000900265 aTuhan Ada di HatimucHusein Ja'far Al-HadarhText a978-623-242-147-9 aCet. 9 aHusein Ja'far Al-Hadar aAhmad Najib aIlmu Akidah a20241023130239 aJakartabPenerbit Noura (PT Mizan Publika)c2022 aIndonesia a297.2 a207 hlm. :c20 cm. atext